Statistics for World City Skylines Quiz (Difficult)

Click here to take the quiz!

General Stats

  • This quiz has been taken 211 times
  • The average score is 7 of 15

Answer Stats

Answer% Correct
Athens
90%
Hong Kong
84%
Stockholm
65%
Auckland
54%
Riyadh
50%
Vancouver
47%
Zurich
42%
Astana
40%
Lisbon
33%
Seattle
32%
Ho Chi Minh City
31%
Perth
28%
Medellin
24%
Manila
18%
Havana
17%

Score Distribution

Percentile by Number Answered

Percent of People with Each Score

Your Score History

You have not taken this quiz